000 00884nam a2200289Ia 4500
003 GCL
008 140319s9999 xx 000 0 ara d
040 _aGCL /
_cGCL
082 0 4 _a346.01
_bم ا
100 1 _aمحمد احمد سراج
245 1 0 _aالاحوال الشخصية فى الشريعة الاسلامية (1) أحكام الزواج فى الفقة والقضاء /
_cمحمد احمد سراج
300 _a230 ص
490 _a
650 0 4 _aالقانون
650 0 4 _aالاسرة
650 0 4 _aالطلاق
650 0 4 _aالاحوال الشخصية
650 0 4 _aالزواج
650 0 4 _aالاحوال الشخصية للمسلمين
650 0 4 _aتعدد الزوجات
650 0 4 _aالمواريث
650 0 4 _aالوصايا
650 0 4 _aالتركات
650 0 4 _aالعدة
650 0 4 _aالحضانة
942 _2ddc
_cBK
999 _c41019
_d41019